000
00334nam a2200145Ia 4500
003
OSt
005
20240301102511.0
008
170524s9999 xx 000 0 und d
020
_a
978-8126124503
040
_c
iimtu meerut
100
_a
KUNDRA S
245
0
_a
EDITING TECHNIQUES
260
_b
ANMOL PUB. : NEW DELHI
942
_2
ddc
_c
02
999
_c
9224
_d
9224